| 000 | 00552nam a22001937a 4500 | ||
|---|---|---|---|
| 003 | BUBTL | ||
| 008 | 210217b xxu||||| |||| 00| 0 eng d | ||
| 020 | _a9789350942468 | ||
| 082 | _a515.3 / Ed951d | ||
| 100 |
_93905 _aEdwards, Joseph |
||
| 245 |
_aDifferential Calculus for Beginners / _cJoseph Edwards |
||
| 260 |
_aMeerut : _bArihant Prakashan, |
||
| 300 |
_a202 p. _c21 cm. |
||
| 440 |
_93906 _aArihant Prakashan |
||
| 650 | 0 |
_9124 _aMathematics |
|
| 856 |
_k0 _l0 _yDownload |
||
| 942 |
_2ddc _cBK |
||
| 999 |
_c6450 _d6450 |
||